=LDR 00000nam 2200000 4500 =001 INLIS000000000009441 =005 20130612101231 =008 ***********************************Ind** =035 ##$$0010-061300000009441 =041 ##$$a Ind =082 ##$$a 92(Einstein) =090 ##$$a 92(Einstein), Par-a =100 ##$$a Parker, Steve =245 ##$$a Albert Einstein dan relativitas, Steve Parker =260 ##$$a 1998 $b Jakarta =300 ##$$a 31 hlm, Ilus, 30 cm =650 ##$$a Einstein, Albert =700 ##$$a Manjani, Esther(penerjemah) =850 ##$$a NBPNMAT